00384cam a22000977a 4500008004000000082001700040245011600057260008000173300001000253700002300263180718b1969 xxu||||| |||| 00| 0 eng d aA41x497 1969 aThe constitution of the Socialist Federal of Yugoslavia: constitutional amendmentscedited by Dragoljub Durovic aBelgradebThe Secretariat of the Federal Assembly Information Servicec1969 a195p. aDurovic, Dragoljib